LEADER 01510nam 2200517 450 001 9910780648703321 005 20230721023816.0 010 $a1-282-27413-9 010 $a9786612274138 010 $a1-60795-056-1 035 $a(CKB)2430000000015057 035 $a(OCoLC)893674746 035 $a(CaPaEBR)ebrary10949289 035 $a(SSID)ssj0000530172 035 $a(PQKBManifestationID)11930059 035 $a(PQKBTitleCode)TC0000530172 035 $a(PQKBWorkID)10561856 035 $a(PQKB)11597038 035 $a(MiAaPQ)EBC3386928 035 $a(WaSeSS)IndRDA00018365 035 $a(EXLCZ)992430000000015057 100 $a20141015h20072007 uy 0 101 0 $aeng 135 $aurcnu|||||||| 181 $ctxt 182 $cc 183 $acr 200 10$aAtlas of gastrointestinal surgery$hVolume one /$fJohn L. Cameron, Corinne Sandone 205 $aSecond edition. 210 1$aShelton, Connecticut :$cPeople's Medical Publishing House,$d2007. 210 4$dİ2007 215 $a1 online resource (1291 p.) 300 $aIncludes indexes. 311 $a1-55009-270-7 606 $aGastrointestinal system$xSurgery$vAtlases 615 0$aGastrointestinal system$xSurgery 676 $a617.4/3 700 $aCameron$b John L.$0729153 702 $aSandone$b Corinne 801 0$bMiAaPQ 801 1$bMiAaPQ 801 2$bMiAaPQ 906 $aBOOK 912 $a9910780648703321 996 $aAtlas of gastrointestinal surgery$93733345 997 $aUNINA LEADER 02593nam 22005771 450 001 9910132635503321 005 20200514202323.0 010 $a9781849660907 010 $a1849660905 024 7 $a10.5040/9781849660907 035 $a(CKB)3680000000164620 035 $a(SSID)ssj0000412755 035 $a(PQKBManifestationID)11268589 035 $a(PQKBTitleCode)TC0000412755 035 $a(PQKBWorkID)10381150 035 $a(PQKB)10393887 035 $a(OCoLC)676697558 035 $a(UkLoBP)bpp09255642 035 $a(UkLoBP)BP9781849660907BC 035 $a(EXLCZ)993680000000164620 100 $a20140929d2010 uy 0 101 0 $aeng 135 $aurmn#---||||| 181 $ctxt$2rdacontent 182 $cc$2rdamedia 183 $acr$2rdacarrier 200 00$aBeyond control $ea mutual respect approach to protest crowd-police relations /$fVern Neufeld Redekop and Shirley Pare 210 1$aLondon :$cBloomsbury Academic,$d2010. 215 $a1 online resource $cdigital, HTML file(s) 300 $a"Forward by Archbishop Desmond Tutu."--Cover. 320 $aIncludes bibliographical references and index. 327 $apt. 1. Protest crowd-police dynamics -- part 2. The mutual respect paradigm in practice. 330 $a'What is refreshing about Beyond Control is the vision for the kind of society in which protestors and police recognize their mutual humanity as well as how both are needed for a democratic society to function well. ' From the Foreword by Archbishop Desmond Tutu How can large protest crowds be better and more respectfully managed by police? This topical book applies the principles of community-based conflict resolution to the policing of large crowds, suggesting a completely new approach that moves away from the discourse of rabble-rousing mobs towards negotiated management, and a paradigm of mutual respect for protesters as principled dissenters and for police as non-repressive agents of public order. Both are needed, the authors argue, in order for democracy to flourish. 606 $aConflict management 606 $aCrowd control 606 $aDemonstrations 606 $aPolice-community relations 615 0$aConflict management. 615 0$aCrowd control. 615 0$aDemonstrations. 615 0$aPolice-community relations. 676 $a363.32 702 $aPare$b Shirley 702 $aRedekop$b Vern Neufeld 801 0$bUtOrBLW 801 1$bUtOrBLW 801 2$bUkLoBP 906 $aBOOK 912 $a9910132635503321 996 $aBeyond control$92223657 997 $aUNINA